| 000 | 01543nam a2200373 a 4500 | ||
|---|---|---|---|
| 001 | ebr10468595 | ||
| 003 | CaPaEBR | ||
| 006 | m u | ||
| 007 | cr cn||||||||| | ||
| 008 | 960401s1996 ne a sb 001 0 eng d | ||
| 010 | _z 96017605 | ||
| 020 | _z9027251274 (Eur : alk. paper) | ||
| 020 | _z1556191871 (US : pb : alk. paper) | ||
| 020 | _z9789027251275 | ||
| 020 | _z9789027284891 (e-book) | ||
| 040 |
_aCaPaEBR _cCaPaEBR |
||
| 035 | _a(OCoLC)721907446 | ||
| 050 | 1 | 4 |
_aQP363.3 _b.F73 1996eb |
| 082 | 0 | 4 |
_a153 _220 |
| 245 | 0 | 0 |
_aFractals of brain, fractals of mind _h[electronic resource] : _bin search of a symmetry bond / _cedited by Earl Mac Cormac, Maxim I. Stamenov. |
| 260 |
_aAmsterdam ; _aPhiladelphia : _bJ. Benjamins Pub. Co., _cc1996. |
||
| 300 |
_ax, 359 p. : _bill. (some col.). |
||
| 490 | 1 |
_aAdvances in consciousness research, _x1381-589X ; _vv. 7 |
|
| 504 | _aIncludes bibliographical references and index. | ||
| 533 |
_aElectronic reproduction. _bPalo Alto, Calif. : _cebrary, _d2013. _nAvailable via World Wide Web. _nAccess may be limited to ebrary affiliated libraries. |
||
| 650 | 0 |
_aNeural networks (Neurobiology) _xMathematical models. |
|
| 650 | 0 | _aFractals. | |
| 655 | 7 |
_aElectronic books. _2local |
|
| 700 | 1 | _aMac Cormac, Earl R. | |
| 700 | 1 | _aStamenov, Maksim. | |
| 710 | 2 | _aebrary, Inc. | |
| 830 | 0 |
_aAdvances in consciousness research ; _vv. 7. |
|
| 856 | 4 | 0 |
_uhttp://site.ebrary.com/lib/rucke/Doc?id=10468595 _zAn electronic book accessible through the World Wide Web; click to view |
| 999 |
_c131119 _d131119 |
||